000 004690000a22001570004500
090 _aAR
_b00065
245 1 0 _aDía meteorológico mundial de 1997: condiciones meteorológicas o hidrológicas en las ciudades
650 1 4 _aMeteorología
_992911
650 1 4 _aHidrología
_992912
650 1 4 _aUrbanización
_98865
650 1 4 _aDesastres naturales
_992913
041 0 _aEspañol
100 1 _aObasi, Godwin
_992914
942 _cARTICULO
773 1 _tPreprint
_33
_q1-7
_d1997
999 _c9167
_d9167